Statistics for Skrillex Charting Songs (Billboard Hot 100)

Click here to take the quiz!

General Stats

  • This quiz has been taken 24 times
    (4 since last reset)
  • The average score is 7 of 10

Answer Stats

AlbumWeeks OnPeakArtist(s)Song% Correct
Skrillex & Diplo Present Jack U45 Weeks#8Skrillex & Diplo ft. Justin BieberWhere Are U Now
100%
Suicide Squad: The Album10 Weeks#33Skrillex & Rick RossPurple Lamborghini
100%
Scary Monsters & Nice Sprites EP14 Weeks#69SkrillexScary Monsters & Nice Sprites
100%
Bangarang EP20 Weeks#72Skrillex ft. SirahBangarang
100%
Non-Album Single1 Week#69Skrillex, Justin Bieber & Don ToliverDon't Go
75%
Bangarang EP4 Weeks#74Skrillex ft. SirahKyoto
75%
Non-Album Single1 Week#98Hikaru Utada & SkrillexFace My Fears
75%
Non-Album Single3 Weeks#90J Balvin & SkrillexIn da Getto
50%
Long. Live. A$AP16 Weeks#80A$AP Rocky ft. SkrillexWild For The Night
25%
More Monsters and Sprites EP3 Weeks#85SkrillexFirst of the Year (Equinox)
25%

Score Distribution

Percentile by Number Answered

Percent of People with Each Score

Your Score History

You have not taken this quiz since the last reset